F1 Season: 1959 Race Winners - Statistics

General Stats
  • This quiz has been taken 145 times
  • The average score is 6 of 9
Answer Stats
Grand Prix Winner % Correct
Monaco Jack Brabham
96%
British Jack Brabham
96%
Portuguese Stirling Moss
92%
Italian Stirling Moss
92%
French Tony Brooks
60%
German Tony Brooks
60%
United States Bruce McLaren
35%
Dutch Joakim Bonnier
29%
Indianapolis 500 Rodger Ward
26%
No matching quizzes found
Score Distribution
Percent of People with Each Score
Percentile by Number Answered
Your Score History
You have not taken this quiz